000 01660nam0a2200361 4500
001 RU\NLR\BIBL_A\012053223
005 20190730091132.0
010 _a978-5-7367-1495-7
_91000
021 _aRU
_bКН-П-19-043496
_9КН-П-19-3183
035 _a(NLR Aleph) 012053223
035 _a(RuMoRGB)010010828
090 _a11662289
_c11662289
100 _a20190705d2019 u y0rusy50 ca
101 0 _arus
_deng
102 _aRU
105 _aa zzzz000|yz
200 1 _aЦифровая трансформация сельского хозяйства России
_fМинистерство сельского хозяйства Российской Федерации
205 _a[Офиц. изд.]
210 _aМосква
_cФГБНУ "Росинформагротех"
_d2019
215 _a78 с.
_cцв. ил., табл.
_d20
300 _aРез. англ.
320 _aБиблиогр.: с. 76-77 (15 назв.)
606 1 _aСельское хозяйство
_xУправление
_yРоссийская Федерация
_92262349
_3RU\NLR\AUTH\661356403
606 1 _aСельское хозяйство
_xЦифровые технологии
_yРоссийская Федерация
_92418663
_3RU\NLR\AUTH\6601659280
686 1 _aУ32(2)-230.38(2Р)
686 1 _aП9(2Р)с51
712 0 1 _4570
_aРоссийская Федерация
_bМинистерство сельского хозяйства
_9285989
_3RU\NLR\AUTH\887005
942 _cBOOK
980 _aNBR
980 _aNB